L’attente : trompe-l’œil du désir (notice n° 1605350)
[ vue normale ]
| 000 -LEADER | |
|---|---|
| fixed length control field | 01295cam a2200181 4500500 |
| 005 - DATE AND TIME OF LATEST TRANSACTION | |
| control field | 20251228095026.0 |
| 041 ## - LANGUAGE CODE | |
| Language code of text/sound track or separate title | fre |
| 042 ## - AUTHENTICATION CODE | |
| Authentication code | dc |
| 100 10 - MAIN ENTRY--PERSONAL NAME | |
| Personal name | Samama, Guy |
| Relator term | author |
| 245 00 - TITLE STATEMENT | |
| Title | L’attente : trompe-l’œil du désir |
| 260 ## - PUBLICATION, DISTRIBUTION, ETC. | |
| Date of publication, distribution, etc. | 2016.<br/> |
| 500 ## - GENERAL NOTE | |
| General note | 14 |
| 520 ## - SUMMARY, ETC. | |
| Summary, etc. | L’attente se loge au creux du désir dont elle trace des lignes de fuite, qui l’inscrivent dans l’horizon du manque. Son temps propre est le futur antérieur. Nul mieux que Proust n’a su en décrire l’espoir et la souffrance indissociablement mêlés. |
| 520 ## - SUMMARY, ETC. | |
| Summary, etc. | Waiting is embedded in the very heart of desire, tracing its convergence lines. In return, this turns waiting into craving. The tense appropriate to waiting is the future perfect. No one better than Marcel Proust has ever described how intertwined hope and suffering are in the act of waiting. |
| 520 ## - SUMMARY, ETC. | |
| Summary, etc. | A espera habita o desejo, criando no seu âmago pontos de fuga e inscrevendo nele o horizonte da ausência. Seu tempo próprio é o futuro anterior. Ninguém melhor do que Proust descreveu a esperança e o sofrimento indissociavelmente associados à espera. |
| 786 0# - DATA SOURCE ENTRY | |
| Note | Sigila | 37 | 1 | 2016-03-01 | p. 79-90 | 1286-1715 |
| 856 41 - ELECTRONIC LOCATION AND ACCESS | |
| Uniform Resource Identifier | <a href="https://shs.cairn.info/revue-sigila-2016-1-page-79?lang=fr&redirect-ssocas=7080">https://shs.cairn.info/revue-sigila-2016-1-page-79?lang=fr&redirect-ssocas=7080</a> |
Pas d'exemplaire disponible.




Réseaux sociaux